Risk Management and Insurance (Record no. 2425)

MARC details
005 - DATE AND TIME OF LATEST TRANSACTION
control field 20250519073639.0
020 ## - INTERNATIONAL STANDARD BOOK NUMBER
International Standard Book Number 978-0-321-46857-4
082 ## - DEWEY DECIMAL CLASSIFICATION NUMBER
Classification number LECT 368.01 REJ
100 ## - MAIN ENTRY--PERSONAL NAME
Author name REJDA, G. E
245 ## - TITLE STATEMENT
Title Risk Management and Insurance
250 ## - EDITION STATEMENT
Edition statement 10th Ed
260 ## - PUBLICATION, DISTRIBUTION, ETC.
Place of publication, distribution, etc. Boston,
Name of publisher, distributor, etc. Person Education, Inc.
Date of publication, distribution, etc. 2008.
300 ## - PHYSICAL DESCRIPTION
Extent xx, 748p.: ill.; charts, graph, pictures, tables,
Other physical details Glossary, Index,
Dimensions 25cm.
942 ## - ADDED ENTRY ELEMENTS (KOHA)
Source of classification or shelving scheme Dewey Decimal Classification
Koha item type Books
Holdings
Date last seen Total checkouts Full call number Barcode Cost, replacement price Price effective from Koha item type Lost status Source of classification or shelving scheme Damaged status Not for loan Withdrawn status Home library Current library Shelving location Date acquired Cost, normal purchase price
05/19/2025   LECT 368.01 REJ 0000009109 76500.00 05/19/2025 Books   Dewey Decimal Classification       College of Business Education Main Library College of Business Education Main Library General Collection 10/26/2005 25500.00
05/19/2025   LECT 368.01 REJ 0000009110 76500.00 05/19/2025 Books   Dewey Decimal Classification       College of Business Education Main Library College of Business Education Main Library General Collection 10/26/2005 25500.00
05/19/2025   LECT 368.01 REJ 0000009111 76500.00 05/19/2025 Books   Dewey Decimal Classification       College of Business Education Main Library College of Business Education Main Library General Collection 10/26/2005 25500.00
05/19/2025   LECT 368.01 REJ 0000009112 76500.00 05/19/2025 Books   Dewey Decimal Classification       College of Business Education Main Library College of Business Education Main Library General Collection 10/26/2005 25500.00